000 00658cab a2200181 4500
001 ##L131243
008 050727n2005 000 0 eng u
035 _a(Sirsi) u131243
041 0 _aeng
245 0 0 _aSpecial report: UK plc
260 _c2005
490 0 _aProperty Week
_v70(40) 7 October 2005, 79-90(10)
520 _aSpecial report focusing on the UK. Looks at: investment in the UK by foreign companies both in London and the south east and the regions; and the influence on the Olympics on London.
590 _aIKA251005
650 2 4 _aOLYMPIC GAMES 2012
690 _aPROPERTY-COMMERCIAL PROPERTY-COMMERCIAL PROPERTY MARKET
942 _n0
999 _c104697
_d104697